000 00807cam a22002175a 4500
001 L155868
008 120418s1843 xxk f 000 0 eng d
035 _a(Sirsi) u155868
041 0 _aeng
100 1 _aHarrison, S. B.
_q(Samuel Bealey)
_d1802-1867
245 0 0 _aWoodfall's practical treatise on the law of landlord and tenant
_bwith a full collection of precedents and forms of procedure, entirely remodeled and greatly enlarged
250 _a5th ed.
_bby F.L. Wollaston
260 _aLondon
_bH. Sweet
_c1843
300 _alxiii, 1062 p.
_bill.
_c26 cm.
583 _aCondition reviewed
_c20120620
_lcondition level 4
651 4 _aGreat Britain
_y1707-
690 _aLandlord and tenant
_96252
700 1 _aWollaston, F. L.
_q(Frederick Luard)
700 1 _aWoodfall, William
_dd. 1806
942 _n0
999 _c113885
_d113885